[Event "Titled Tuesday intern op 06th Feb Early"]
[Site "Chess.com INT"]
[Date "2024.02.06"]
[Round "5"]
[White "Eilers, Stefan"]
[Black "Brodowski, Piotr"]
[Result "0-1"]
[WhiteElo "2275"]
[BlackElo "2441"]
[PlyCount "76"]
[EventDate "2024.02.06"]
[EventType "swiss (blitz)"]
[EventRounds "11"]
[EventCountry "USA"]
[SourceTitle "CB07_2024"]
[SourceDate "2024.02.14"]
[SourceVersion "1"]
[SourceVersionDate "2024.02.14"]
[SourceQuality "1"]

1. d4 Nf6 2. Bg5 c5 3. Bxf6 gxf6 4. d5 f5 5. c4 Qb6 6. Qc2 Bg7 7. Nc3 d6 8. e3 Nd7 9. Nge2 Nf6 10. Ng3 e6 11. Bd3 Bd7 12. 0-0 h5 13. a3 h4 14. Nge2 h3 15. g3 Ng4 16. b4 Rc8 17. bxc5 Qxc5 18. Rab1 b6 19. Nd4 Bxd4 20. exd4 Qxd4 21. dxe6 fxe6 22. Be2 Ne5 23. Rbd1 Qc5 24. Qd2 Kf7 25. Qg5 Rcg8 26. Bh5+ Rxh5 27. Qxh5+ Rg6 28. Qxh3 Nf3+ 29. Kh1 Bc6 30. Qh7+ Rg7 31. Qh5+ Kg8 32. Nd5 Ng5 33. Kg1 exd5 34. h4 Nf7 35. cxd5 Bd7 36. Rfe1 Rxg3+ 37. Kh2 Qxf2+ 38. Kh1 Qg2# 0-1

[Event "Titled Tuesday intern op 06th Feb Early"]
[Site "Chess.com INT"]
[Date "2024.02.06"]
[Round "11"]
[White "Eilers, Stefan"]
[Black "Bueno, Alfeu Varela Jr"]
[Result "1-0"]
[WhiteElo "2275"]
[BlackElo "2155"]
[PlyCount "45"]
[EventDate "2024.02.06"]
[EventType "swiss (blitz)"]
[EventRounds "11"]
[EventCountry "USA"]
[SourceTitle "CB07_2024"]
[SourceDate "2024.02.14"]
[SourceVersion "1"]
[SourceVersionDate "2024.02.14"]
[SourceQuality "1"]

1. d4 e6 2. Nf3 f5 3. d5 Bd6 4. dxe6 dxe6 5. e4 fxe4 6. Ng5 Nf6 7. Nc3 0-0 8. Ngxe4 Nxe4 9. Nxe4 Qh4 10. Bd3 Bb4+ 11. c3 Be7 12. Qc2 Nc6 13. g3 Qh3 14. Bf4 e5 15. Bg5 Bg4 16. Bxe7 Nxe7 17. Ng5 Qg2 18. Bc4+ Rf7 19. Bxf7+ Kf8 20. Rf1 h6 21. Be6 hxg5 22. Bxg4 Qe4+ 23. Qxe4 1-0

[Event "Titled Tuesday intern op 16th Jan Early"]
[Site "Chess.com INT"]
[Date "2024.01.16"]
[Round "7"]
[White "Filippova, Margarita"]
[Black "Eilers, Stefan"]
[Result "1/2-1/2"]
[WhiteElo "2026"]
[BlackElo "2275"]
[PlyCount "110"]
[EventDate "2024.01.16"]
[EventType "swiss (blitz)"]
[EventRounds "11"]
[EventCountry "USA"]
[SourceTitle "CB04_2024"]
[SourceDate "2023.10.16"]
[SourceVersion "1"]
[SourceVersionDate "2023.10.16"]
[SourceQuality "1"]

1. e4 g6 2. d4 Bg7 3. c3 c6 4. Bd3 d5 5. e5 c5 6. Nf3 Nc6 7. h3 c4 8. Bc2 b5 9. 0-0 Nh6 10. b3 Bf5 11. a4 a6 12. a5 0-0 13. b4 e6 14. Bg5 Qd7 15. Na3 Kh8 16. Qd2 Ng8 17. g4 Be4 18. Nh2 f6 19. exf6 Nxf6 20. f3 Bxc2 21. Nxc2 e5 22. dxe5 Nxe5 23. Nd4 Nd3 24. Bh6 Rfe8 25. Bxg7+ Kxg7 26. Qg5 Ng8 27. Ra2 h6 28. Qh4 Qe7 29. Qxe7+ Rxe7 30. Re2 Rxe2 31. Nxe2 Re8 32. Nd4 Re3 33. f4 Nf6 34. Nhf3 Nxf4 35. Ra1 Nxh3+ 36. Kf1 Nxg4 37. Kg2 Ng5 38. Nxg5 hxg5 39. Ra3 Re7 40. Nc6 Rc7 41. Nb8 Ra7 42. Nc6 Ra8 43. Ne7 Nf6 44. Ra2 Kf7 45. Nc6 Ne4 46. Rc2 Ke6 47. Nd4+ Ke5 48. Kf3 Rf8+ 49. Ke3 Ng3 50. Nc6+ Kd6 51. Nd4 Nf5+ 52. Nxf5+ gxf5 53. Rh2 Rf6 54. Kd4 Re6 55. Re2 Rxe2 1/2-1/2

[Event "Titled Tuesday intern op 19th Dec Early"]
[Site "Chess.com INT"]
[Date "2023.12.19"]
[Round "1"]
[White "Eilers, Stefan"]
[Black "Klukin, Kirill"]
[Result "0-1"]
[WhiteElo "2275"]
[BlackElo "2390"]
[PlyCount "204"]
[EventDate "2023.12.19"]
[EventType "swiss (blitz)"]
[EventRounds "11"]
[EventCountry "USA"]
[SourceTitle "CB52_2023"]
[SourceDate "2023.12.27"]
[SourceVersion "1"]
[SourceVersionDate "2023.12.27"]
[SourceQuality "1"]

1. d4 Nf6 2. Bg5 e6 3. e4 d6 4. Nc3 h6 5. Bxf6 Qxf6 6. Qd2 Nd7 7. 0-0-0 g6 8. f4 Bg7 9. e5 Qe7 10. Nb5 Nb6 11. Qc3 Nd5 12. Qa3 dxe5 13. Qxe7+ Kxe7 14. fxe5 a6 15. Nc3 Nxc3 16. bxc3 c5 17. Nf3 b5 18. Bd3 Bb7 19. Rhe1 Rhd8 20. Be4 Bxe4 21. Rxe4 Rac8 22. Kb2 cxd4 23. cxd4 Rc4 24. c3 b4 25. Rd3 Rdc8 26. Ree3 Kd7 27. Kb3 Bf8 28. Nd2 R4c7 29. Ne4 bxc3 30. Rxc3 Rb7+ 31. Kc2 Rxc3+ 32. Rxc3 Be7 33. Rb3 Rc7+ 34. Kd3 a5 35. a4 Bb4 36. Rb1 Kc8 37. Rb2 Kb7 38. Rc2 Rd7 39. Nc5+ Bxc5 40. Rxc5 Kb6 41. Rb5+ Ka6 42. Kc4 Rc7+ 43. Rc5 Rb7 44. d5 Rb4+ 45. Kc3 exd5 46. Rxd5 Rxa4 47. Rd6+ Kb5 48. Rf6 Re4 49. Rxf7 Rxe5 50. Rf6 Rg5 51. g3 h5 52. Rf4 Rg4 53. Rf8 a4 54. Rb8+ Kc5 55. Ra8 Kd5 56. Kd3 Rb4 57. Ra6 Rg4 58. Ra5+ Kc6 59. Ra6+ Kb5 60. Ra8 Kb4 61. Rb8+ Ka3 62. Rb6 Ka2 63. Kc3 a3 64. Kc2 Rg5 65. Kd3 Rd5+ 66. Kc3 Rc5+ 67. Kd3 g5 68. Rb7 Rc1 69. h4 gxh4 70. gxh4 Rh1 71. Rb4 Rh3+ 72. Kc2 Rh2+ 73. Kc3 Rb2 74. Ra4 Rb3+ 75. Kc2 Rb7 76. Ra5 Rc7+ 77. Kd2 Kb3 78. Rb5+ Ka4 79. Rb8 Ra7 80. Kc2 Rc7+ 81. Kb1 Rc4 82. Ra8+ Kb3 83. Rb8+ Kc3 84. Ka2 Rxh4 85. Kxa3 Kd2 86. Rd8+ Ke3 87. Kb3 Rd4 88. Re8+ Re4 89. Rh8 h4 90. Kc3 Kf3 91. Rh7 Kg3 92. Kd3 Re8 93. Kd2 h3 94. Rg7+ Kf3 95. Rf7+ Kg2 96. Rg7+ Kh2 97. Rh7 Re5 98. Kd3 Re1 99. Kd2 Re6 100. Kd3 Rg6 101. Ke3 Kg2 102. Rxh3 Kxh3 0-1

[Event "Titled Tuesday intern op 19th Dec Early"]
[Site "Chess.com INT"]
[Date "2023.12.19"]
[Round "6"]
[White "Kim, Sergey2"]
[Black "Eilers, Stefan"]
[Result "1-0"]
[WhiteElo "2295"]
[BlackElo "2275"]
[PlyCount "37"]
[EventDate "2023.12.19"]
[EventType "swiss (blitz)"]
[EventRounds "11"]
[EventCountry "USA"]
[SourceTitle "CB52_2023"]
[SourceDate "2023.12.27"]
[SourceVersion "1"]
[SourceVersionDate "2023.12.27"]
[SourceQuality "1"]

1. d4 d5 2. c4 e6 3. Nc3 c5 4. e3 Nf6 5. Nf3 a6 6. a3 dxc4 7. Bxc4 b5 8. Ba2 Bb7 9. 0-0 Nc6 10. Qe2 cxd4 11. Rd1 Bd6 12. exd4 0-0 13. Bg5 Be7 14. Rac1 Na5 15. Ne5 Nd5 16. Bd2 Nxc3 17. Bxc3 Nc6 18. d5 exd5 19. Bxd5 1-0

[Event "Titled Tuesday intern op 19th Dec Early"]
[Site "Chess.com INT"]
[Date "2023.12.19"]
[Round "4"]
[White "Vincenti, Leonardo"]
[Black "Eilers, Stefan"]
[Result "0-1"]
[WhiteElo "2039"]
[BlackElo "2275"]
[PlyCount "188"]
[EventDate "2023.12.19"]
[EventType "swiss (blitz)"]
[EventRounds "11"]
[EventCountry "USA"]
[SourceTitle "CB52_2023"]
[SourceDate "2023.12.27"]
[SourceVersion "1"]
[SourceVersionDate "2023.12.27"]
[SourceQuality "1"]

1. e4 g6 2. d4 Bg7 3. Nc3 c6 4. Be3 d5 5. e5 f6 6. f4 Nh6 7. h3 Nf5 8. Bf2 fxe5 9. fxe5 0-0 10. g4 Nh6 11. Qd2 b5 12. 0-0-0 a5 13. Be3 Nf7 14. Kb1 Be6 15. Bd3 b4 16. Na4 Nd7 17. Ne2 Nfxe5 18. dxe5 Nxe5 19. Nd4 Bd7 20. Nc5 Nxd3 21. Qxd3 Qc8 22. Rhf1 e5 23. Rxf8+ Bxf8 24. Ne2 Qc7 25. Ng3 Re8 26. Nge4 Bg7 27. Nxd7 Qxd7 28. Nc5 Qe7 29. Nb3 a4 30. Na5 d4 31. Nxc6 Qe6 32. Nxd4 exd4 33. Bxd4 Rd8 34. c3 b3 35. a3 Bxd4 36. cxd4 Qd5 37. Qc3 Rd6 38. Ka1 Rc6 39. Qd3 Rc4 40. Qd2 Kg7 41. Qd3 h6 42. Kb1 Rc6 43. Qe3 Re6 44. Qd3 Kf7 45. Qc3 Ke7 46. Qc7+ Qd7 47. Qxd7+ Kxd7 48. d5 Re2 49. d6 Re3 50. Rh1 Kxd6 51. Kc1 Kc5 52. Kd2 Rg3 53. Rh2 h5 54. gxh5 gxh5 55. h4 Rf3 56. Ke2 Rg3 57. Kf2 Rg4 58. Ke2 Kd4 59. Rh3 Rg2+ 60. Kf1 Rxb2 61. Rf3 Ra2 62. Rf4+ Kc3 63. Rxa4 b2 64. Rb4 Ra1+ 65. Ke2 b1Q 66. Rxb1 Rxb1 67. Kf3 Rd1 68. Kf4 Rd5 69. a4 Ra5 70. Ke4 Kb3 71. Kf4 Kxa4 72. Ke4 Kb4 73. Kf4 Rb5 74. Ke4 Kc4 75. Kf4 Rd5 76. Ke4 Rc5 77. Kf4 Kd4 78. Kf3 Re5 79. Kf4 Kd5 80. Kf3 Ke6 81. Kf4 Kf6 82. Kf3 Kf5 83. Kg3 Rb5 84. Kh3 Rb3+ 85. Kg2 Kg4 86. Kf1 Kxh4 87. Ke2 Kg4 88. Kd2 h4 89. Kc2 Rg3 90. Kd1 h3 91. Kc2 h2 92. Kd2 h1Q 93. Ke2 Qh2+ 94. Ke1 Rg1# 0-1

[Event "Titled Tuesday intern op 12th Dec Early"]
[Site "Chess.com INT"]
[Date "2023.12.12"]
[Round "5"]
[White "Melikhov, Evgeny V"]
[Black "Eilers, Stefan"]
[Result "1-0"]
[WhiteElo "2192"]
[BlackElo "2275"]
[PlyCount "93"]
[EventDate "2023.12.12"]
[EventType "swiss (blitz)"]
[EventRounds "11"]
[EventCountry "USA"]
[SourceTitle "CB51_2023"]
[SourceDate "2023.12.20"]
[SourceVersion "1"]
[SourceVersionDate "2023.12.20"]
[SourceQuality "1"]

1. d4 d5 2. c4 e6 3. Nc3 c5 4. cxd5 cxd4 5. Qa4+ Bd7 6. Qxd4 exd5 7. Qxd5 Nf6 8. Qd1 Nc6 9. Nf3 Bc5 10. e3 Qe7 11. Be2 0-0 12. a3 Rfd8 13. Qc2 Rac8 14. 0-0 a6 15. Rd1 Ne5 16. Nxe5 Qxe5 17. Bf3 b5 18. Bd2 Bg4 19. Bxg4 Nxg4 20. g3 Qh5 21. h4 Qe5 22. Qe4 Qh5 23. Be1 Re8 24. Rd5 Qg6 25. Qxg6 hxg6 26. Rad1 f6 27. Rd7 Ne5 28. Rb7 Rcd8 29. Rxd8 Rxd8 30. Ne4 Bf8 31. Bc3 Nc4 32. Bd4 Na5 33. Rc7 Nb3 34. Bxf6 Re8 35. f3 a5 36. Bc3 Nc1 37. Kf2 b4 38. axb4 axb4 39. Bd4 Na2 40. g4 Ra8 41. h5 gxh5 42. gxh5 Nc1 43. h6 Nd3+ 44. Ke2 Nf4+ 45. exf4 gxh6 46. Nf6+ Kh8 47. Rh7# 1-0

[Event "Titled Tuesday intern op 12th Dec Early"]
[Site "Chess.com INT"]
[Date "2023.12.12"]
[Round "9"]
[White "Yagupov, Igor"]
[Black "Eilers, Stefan"]
[Result "1-0"]
[WhiteElo "2290"]
[BlackElo "2275"]
[PlyCount "75"]
[EventDate "2023.12.12"]
[EventType "swiss (blitz)"]
[EventRounds "11"]
[EventCountry "USA"]
[SourceTitle "CB51_2023"]
[SourceDate "2023.12.20"]
[SourceVersion "1"]
[SourceVersionDate "2023.12.20"]
[SourceQuality "1"]

1. d4 d5 2. c4 e6 3. Nc3 c5 4. cxd5 cxd4 5. Qa4+ Bd7 6. Qxd4 exd5 7. Qxd5 Nf6 8. Qb3 Na6 9. Nf3 Nc5 10. Qc2 Rc8 11. Bg5 Qb6 12. Bxf6 Qxf6 13. e3 Be7 14. Bb5 Bxb5 15. Nxb5 0-0 16. 0-0 a6 17. Nbd4 b5 18. Rac1 Bd6 19. b3 g6 20. Rfd1 Rc7 21. h3 Rfc8 22. Qb1 Qe7 23. Ne2 b4 24. Rc4 a5 25. Rcd4 Rc6 26. Nf4 Bb8 27. Nd5 Qf8 28. Rc4 Ba7 29. Nd4 Rd6 30. Nb5 Bb8 31. Nxd6 Qxd6 32. Nf4 Qe5 33. Rd5 Qe7 34. Nd3 Ba7 35. Qc2 Rc7 36. Nxc5 Bxc5 37. Rdxc5 Rxc5 38. Rxc5 1-0

[Event "Heusenstamm Schloss op"]
[Site "Heusenstamm"]
[Date "2023.11.25"]
[Round "4"]
[White "Schmidt, Markus"]
[Black "Eilers, Stefan"]
[Result "1/2-1/2"]
[WhiteElo "2116"]
[BlackElo "2300"]
[PlyCount "38"]
[EventDate "2023.11.23"]
[EventType "swiss"]
[EventRounds "7"]
[EventCountry "GER"]
[SourceTitle "CB48_2023"]
[SourceDate "2023.11.29"]
[SourceVersion "1"]
[SourceVersionDate "2023.11.29"]
[SourceQuality "1"]

1. e4 Nc6 2. d4 d5 3. exd5 Qxd5 4. Be3 e5 5. Nc3 Bb4 6. a3 Bxc3+ 7. bxc3 Nf6 8. Nf3 Qa5 9. dxe5 Nd5 10. Qd2 Bg4 11. Nd4 Nxe5 12. c4 Qxd2+ 13. Bxd2 Nf6 14. f3 0-0-0 15. Bc3 Rhe8 16. 0-0-0 Bd7 17. Be2 Ng6 18. Rhe1 a6 19. Bf1 Rxe1 1/2-1/2

[Event "Heusenstamm Schloss op"]
[Site "Heusenstamm"]
[Date "2023.11.24"]
[Round "3"]
[White "Eilers, Stefan"]
[Black "Rempe, Jonas"]
[Result "1/2-1/2"]
[WhiteElo "2300"]
[BlackElo "2106"]
[PlyCount "28"]
[EventDate "2023.11.23"]
[EventType "swiss"]
[EventRounds "7"]
[EventCountry "GER"]
[SourceTitle "CB48_2023"]
[SourceDate "2023.11.29"]
[SourceVersion "1"]
[SourceVersionDate "2023.11.29"]
[SourceQuality "1"]

1. d4 Nf6 2. Nf3 e6 3. g3 b6 4. Bg2 Bb7 5. 0-0 d5 6. Ne5 Nbd7 7. c4 c6 8. Qa4 Qc7 9. cxd5 exd5 10. Nc3 Bd6 11. Bg5 b5 12. Qc2 Nxe5 13. dxe5 Bxe5 14. f4 Qb6+ 1/2-1/2

[Event "Heusenstamm Schloss op"]
[Site "Heusenstamm"]
[Date "2023.11.24"]
[Round "2"]
[White "Maehrlein, Christoph"]
[Black "Eilers, Stefan"]
[Result "0-1"]
[WhiteElo "1986"]
[BlackElo "2300"]
[PlyCount "44"]
[EventDate "2023.11.23"]
[EventType "swiss"]
[EventRounds "7"]
[EventCountry "GER"]
[SourceTitle "CB48_2023"]
[SourceDate "2023.11.29"]
[SourceVersion "1"]
[SourceVersionDate "2023.11.29"]
[SourceQuality "1"]

1. e4 Nc6 2. d4 d5 3. exd5 Qxd5 4. Be3 e5 5. Nc3 Bb4 6. a3 Bxc3+ 7. bxc3 Nf6 8. c4 Qa5+ 9. Bd2 Qa4 10. d5 Nd4 11. Bd3 e4 12. c3 Qxd1+ 13. Rxd1 Bg4 14. Rb1 exd3 15. cxd4 0-0-0 16. f3 Bf5 17. g4 Rhe8+ 18. Kf2 Bxg4 19. Bg5 Bf5 20. Bxf6 gxf6 21. Re1 Rxe1 22. Kxe1 b5 0-1

[Event "Titled Tuesday intern op 14th Nov Early"]
[Site "Chess.com INT"]
[Date "2023.11.14"]
[Round "5"]
[White "Eilers, Stefan"]
[Black "Akkarakaran, John Veny"]
[Result "0-1"]
[WhiteElo "2300"]
[BlackElo "2112"]
[PlyCount "98"]
[EventDate "2023.11.14"]
[EventType "swiss (blitz)"]
[EventRounds "11"]
[EventCountry "USA"]
[SourceTitle "CB47_2023"]
[SourceDate "2023.11.22"]
[SourceVersion "1"]
[SourceVersionDate "2023.11.22"]
[SourceQuality "1"]

1. d4 e6 2. Nc3 Nf6 3. Bf4 Bb4 4. Qd3 0-0 5. 0-0-0 Bxc3 6. Qxc3 Nd5 7. Qg3 Nxf4 8. Qxf4 d6 9. e4 Nd7 10. Bd3 e5 11. Qe3 exd4 12. Qxd4 Qf6 13. Qxf6 Nxf6 14. f3 a5 15. Ne2 Re8 16. Nc3 Bd7 17. a4 Re5 18. g4 g5 19. h4 h6 20. hxg5 hxg5 21. Bc4 Kg7 22. Rh2 Bc6 23. Rdh1 Rc5 24. b3 Re5 25. Rh6 Bd7 26. Nd5 Nxd5 27. Rh7+ Kf6 28. Bxd5 Be6 29. Bxb7 Rb8 30. Bc6 Ke7 31. Bb5 Rc5 32. Kb2 d5 33. Bd3 d4 34. R7h5 f6 35. Rh7+ Kd6 36. R7h6 Ke5 37. Rh7 Rc3 38. Ka2 c5 39. Rc7 c4 40. Bxc4 Rxc2+ 41. Ka3 Bxc4 42. Rxc4 Rxc4 43. bxc4 d3 44. Rd1 Kd4 45. c5 Kc3 46. c6 d2 47. Ka2 Kc2 48. Rf1 d1Q 49. Rxd1 Kxd1 0-1

[Event "Titled Tuesday intern op 14th Nov Early"]
[Site "Chess.com INT"]
[Date "2023.11.14"]
[Round "6"]
[White "Eilers, Stefan"]
[Black "Tikhonov, Viacheslav"]
[Result "0-1"]
[WhiteElo "2300"]
[BlackElo "2160"]
[PlyCount "94"]
[EventDate "2023.11.14"]
[EventType "swiss (blitz)"]
[EventRounds "11"]
[EventCountry "USA"]
[SourceTitle "CB47_2023"]
[SourceDate "2023.11.22"]
[SourceVersion "1"]
[SourceVersionDate "2023.11.22"]
[SourceQuality "1"]

1. d4 Nf6 2. Nc3 d5 3. Bf4 g6 4. Nf3 Bg7 5. Nb5 Na6 6. e3 0-0 7. h3 c6 8. Nc3 Nc7 9. Be2 Nce8 10. Ne5 Nd6 11. 0-0 Nfe4 12. Nxe4 Nxe4 13. c4 Be6 14. Qc2 Rc8 15. Rfd1 g5 16. Bh2 f5 17. f3 Nd6 18. Qb3 dxc4 19. Qc2 b5 20. a4 a6 21. e4 f4 22. Kh1 Nf7 23. Nxc6 Rxc6 24. d5 Rd6 25. dxe6 Ne5 26. axb5 axb5 27. b3 Nd3 28. bxc4 Nf2+ 29. Kg1 Nxd1 30. Rxd1 Rxd1+ 31. Bxd1 Qd4+ 32. Kh1 Rd8 33. Be2 Qa1+ 34. Bg1 Bd4 35. Qd1 Qxd1 36. Bxd1 Bxg1 37. Be2 Bf2 38. g3 fxg3 39. cxb5 Rd2 40. Bc4 Rb2 41. f4 Kg7 42. f5 Kf6 43. Kg2 h5 44. Kf3 h4 45. Kg4 g2 46. e5+ Kxe5 47. Kxg5 g1Q+ 0-1

[Event "Titled Tuesday intern op 14th Nov Early"]
[Site "Chess.com INT"]
[Date "2023.11.14"]
[Round "3"]
[White "Kiseleva, Simona"]
[Black "Eilers, Stefan"]
[Result "0-1"]
[WhiteElo "2174"]
[BlackElo "2300"]
[PlyCount "74"]
[EventDate "2023.11.14"]
[EventType "swiss (blitz)"]
[EventRounds "11"]
[EventCountry "USA"]
[SourceTitle "CB47_2023"]
[SourceDate "2023.11.22"]
[SourceVersion "1"]
[SourceVersionDate "2023.11.22"]
[SourceQuality "1"]

1. d4 d5 2. c4 e6 3. Nc3 c5 4. cxd5 cxd4 5. Qxd4 Nc6 6. Qa4 exd5 7. e3 Nf6 8. Nf3 Be7 9. Bd3 0-0 10. 0-0 Qb6 11. Rd1 h6 12. Nd4 Nxd4 13. Qxd4 Qxd4 14. exd4 Bg4 15. f3 Be6 16. Bf4 Rfc8 17. Rac1 a6 18. Na4 Nd7 19. Bc7 Bf6 20. Bb1 b5 21. Nb6 Nxb6 22. Bxb6 Rxc1 23. Rxc1 Rc8 24. Rxc8+ Bxc8 25. Kf2 Kf8 26. Bc2 Ke7 27. a4 Bd7 28. Bc5+ Ke6 29. f4 g6 30. g4 Bh4+ 31. Kf3 bxa4 32. f5+ Kf6 33. fxg6 fxg6 34. Bd3 Bb5 35. Bc2 Bg5 36. h3 Bc1 37. Ba3 h5 0-1

[Event "Titled Tuesday intern op 26th Sep Early"]
[Site "Chess.com INT"]
[Date "2023.09.26"]
[Round "1"]
[White "Eilers, Stefan"]
[Black "Galchenko, Matvey"]
[Result "0-1"]
[WhiteElo "2300"]
[BlackElo "2438"]
[PlyCount "94"]
[EventDate "2023.09.26"]
[EventType "swiss (blitz)"]
[EventRounds "11"]
[EventCountry "USA"]
[SourceTitle "EXT 2024"]
[Source "ChessBase"]
[SourceDate "2023.10.10"]
[SourceVersion "1"]
[SourceVersionDate "2023.10.10"]
[SourceQuality "1"]

1. d4 Nf6 2. Nc3 d5 3. Bf4 c5 4. e4 Nxe4 5. Nxe4 dxe4 6. dxc5 Qxd1+ 7. Rxd1 Nc6 8. Bb5 f6 9. Ne2 e5 10. Be3 Be6 11. a3 f5 12. f4 exf3 13. gxf3 a6 14. Ba4 Be7 15. 0-0 g5 16. b4 Kf7 17. Bf2 h5 18. Rfe1 Rad8 19. Bb3 Bxb3 20. cxb3 h4 21. h3 Rhg8 22. Nc3 g4 23. Rxd8 Bxd8 24. hxg4 fxg4 25. fxg4 Rxg4+ 26. Kh2 Ke6 27. Kh3 Rf4 28. Be3 Rf3+ 29. Kg2 Rg3+ 30. Kh2 Kf5 31. Rf1+ Ke6 32. Re1 Bg5 33. Nd1 Kf5 34. Bxg5 Kxg5 35. Re3 Kf4 36. Rxg3 hxg3+ 37. Kg2 Nd4 38. Nc3 Nxb3 39. a4 e4 40. b5 Nxc5 41. bxa6 bxa6 42. a5 Ke3 43. Nd5+ Kd4 44. Nb4 Kc4 45. Nc2 Kd3 46. Nb4+ Kd2 47. Kxg3 e3 0-1

[Event "Titled Tuesday intern op 12th Sep Early"]
[Site "Chess.com INT"]
[Date "2023.09.12"]
[Round "11"]
[White "Eilers, Stefan"]
[Black "Mitrovic, Darko R"]
[Result "1-0"]
[WhiteElo "2300"]
[BlackElo "2220"]
[PlyCount "87"]
[EventDate "2023.09.12"]
[EventType "swiss (blitz)"]
[EventRounds "11"]
[EventCountry "USA"]
[SourceTitle "EXT 2024"]
[Source "ChessBase"]
[SourceDate "2023.10.10"]
[SourceVersion "1"]
[SourceVersionDate "2023.10.10"]
[SourceQuality "1"]

1. d4 e6 2. Nc3 Nf6 3. Bf4 d5 4. Nb5 Na6 5. e3 Bd6 6. Nxd6+ cxd6 7. c3 0-0 8. Be2 Nc7 9. h3 b6 10. Nf3 Ba6 11. Bxa6 Nxa6 12. 0-0 Qd7 13. Nd2 Nc7 14. a4 Rae8 15. Bh2 Ne4 16. Nb3 f5 17. f3 Nf6 18. Qd3 e5 19. Qc2 e4 20. f4 Ne6 21. Bg3 Rc8 22. Bh4 Ne8 23. Nd2 h6 24. Qb3 g5 25. Bg3 N6c7 26. Rf2 Nf6 27. fxg5 hxg5 28. Qa3 Nce8 29. Raf1 Nh5 30. Bh2 Rf6 31. Qb3 Nc7 32. Re1 Rcf8 33. g3 Kg7 34. Kg2 Kg6 35. Ref1 Ng7 36. a5 b5 37. Qc2 a6 38. Kg1 Qe6 39. b3 Rh8 40. Kg2 f4 41. g4 f3+ 42. Nxf3 Rxh3 43. Kxh3 Kf7 44. Ng1 1-0

[Event "Titled Tuesday intern op 12th Sep Early"]
[Site "Chess.com INT"]
[Date "2023.09.12"]
[Round "8"]
[White "Osiecki, Stanislaw"]
[Black "Eilers, Stefan"]
[Result "0-1"]
[WhiteElo "1996"]
[BlackElo "2300"]
[PlyCount "118"]
[EventDate "2023.09.12"]
[EventType "swiss (blitz)"]
[EventRounds "11"]
[EventCountry "USA"]
[SourceTitle "EXT 2024"]
[Source "ChessBase"]
[SourceDate "2023.10.10"]
[SourceVersion "1"]
[SourceVersionDate "2023.10.10"]
[SourceQuality "1"]

1. e4 g6 2. d4 Bg7 3. Bc4 c6 4. d5 Nf6 5. Nc3 b5 6. Bb3 b4 7. Na4 Nxe4 8. dxc6 Nxc6 9. Bd5 Nf6 10. Bxc6 dxc6 11. Qxd8+ Kxd8 12. Nf3 Bf5 13. Ne5 Ke8 14. Nxc6 Bxc2 15. b3 Nd5 16. Bb2 Bxb2 17. Nxb2 a5 18. 0-0 e6 19. Rac1 Bf5 20. Rc5 Kd7 21. Nxa5 Rhc8 22. Rfc1 Rxc5 23. Rxc5 Rc8 24. Rxc8 Kxc8 25. Nac4 Kd7 26. Ne3 Nxe3 27. fxe3 Bb1 28. Kf2 Bxa2 29. Nd3 Bxb3 30. Nxb4 Kd6 31. Nd3 f5 32. g3 e5 33. h4 Bd5 34. Nb4 Be4 35. Na2 Kc5 36. Nc3 Kc4 37. Ne2 Bd3 38. Ng1 Be4 39. Nh3 h6 40. Ng1 Kd5 41. Ne2 Kc4 42. Ng1 Bd5 43. Ne2 Be6 44. Ng1 g5 45. hxg5 hxg5 46. Ne2 Kd3 47. Ng1 Ke4 48. Nf3 g4 49. Ng1 Bd5 50. Ne2 Kd3 51. Ng1 Kd2 52. Ne2 Be4 53. Ng1 Bd3 54. e4 Bxe4 55. Ne2 Bd3 56. Ng1 f4 57. gxf4 exf4 58. Kg2 Ke3 59. Kh2 Be4 0-1

[Event "Titled Tuesday intern op 12th Sep Early"]
[Site "Chess.com INT"]
[Date "2023.09.12"]
[Round "3"]
[White "Saif, Malek"]
[Black "Eilers, Stefan"]
[Result "1-0"]
[WhiteElo "2139"]
[BlackElo "2300"]
[PlyCount "81"]
[EventDate "2023.09.12"]
[EventType "swiss (blitz)"]
[EventRounds "11"]
[EventCountry "USA"]
[SourceTitle "EXT 2024"]
[Source "ChessBase"]
[SourceDate "2023.10.10"]
[SourceVersion "1"]
[SourceVersionDate "2023.10.10"]
[SourceQuality "1"]

1. e4 g6 2. d4 Bg7 3. Nc3 d5 4. exd5 Nf6 5. Bc4 a6 6. a4 Nbd7 7. a5 Nb8 8. Nf3 c6 9. dxc6 Nxc6 10. Be3 Bg4 11. Qd2 Bxf3 12. gxf3 Nxa5 13. Ba2 Rc8 14. h4 Nc4 15. Qe2 Nxe3 16. fxe3 Qb6 17. Bb3 0-0 18. Kf2 Nh5 19. Rag1 e5 20. Nd5 Qd6 21. dxe5 Bxe5 22. f4 Bxb2 23. Qxh5 Bg7 24. Qf3 a5 25. h5 b5 26. hxg6 hxg6 27. Rxg6 Rxc2+ 28. Bxc2 fxg6 29. Bxg6 Rc8 30. Bh7+ Kf8 31. Rh5 Rc5 32. Rf5+ Ke8 33. Qe4+ Kd8 34. Bg8 a4 35. Bf7 Kc8 36. Qe8+ Kb7 37. Kf3 a3 38. Be6 a2 39. Rf7+ Rc7 40. Qc8+ Ka7 41. Rxc7+ 1-0